000 00323nam a2200145Ia 4500
100 _aHall/ Joseph N/ Schwartz/ R.L.
942 _cBK
654 _acomputer
245 _aEffective Perl programming
260 _bAddison Wesley Pub
_c1998
082 _a5.13
_bHAL/SCH
300 _a273
546 _aENGLISH
999 _c24061
_d24061